00359nam a2200133Ia 45000030006000000080041000060400015000471000032000622450072000942500010001662600020001765460012001960050017002080STCL150530s9999 xx 000 0 und d aSTCLcSTCL aMorley: Rawlinson, H.G.; Ed aSelect essays from the writing of viscount Morley of blackburn O.M. aFirst bMacmillanc1926 aEnglish20220125171141.0